[Event "Mitropa Cup 19th"]
[Site "Baden"]
[Date "1999.04.07"]
[Round "6"]
[White "Zelcic, Robert"]
[Black "Kindermann, Stefan"]
[Result "1/2-1/2"]
[WhiteElo "2554"]
[BlackElo "2541"]
[Annotator "Finkel,A"]
[PlyCount "98"]
[EventDate "1999.04.??"]
[EventType "team-tourn"]
[EventRounds "9"]
[EventCountry "SUI"]
[Source "ChessBase"]
[SourceDate "1999.08.01"]

1. e4 e6 2. d4 d5 3. Nc3 Bb4 4. Nge2 Nc6 5. a3 Ba5 6. b4 (6. Be3 dxe4 (6... Nf6
7. e5 Ng4 8. b4 Bb6 9. Na4 $6 Nxe3 10. fxe3 f6 11. Nf4 O-O 12. Nxb6 axb6 13.
exf6 Qxf6 $36 {McDonald,N-Martin,B/London3 1994}) 7. b4 Bb6 8. Nxe4 e5 9. d5
Bxe3 10. fxe3 Nce7 11. c4 f5 12. Nc5 Nf6 13. Nc3 O-O $13 {Van Mil,J-Krays,A/
Groningen op 1994}) 6... Bb6 7. Bb2 (7. e5 f6 8. Na4 (8. b5 Na5 9. Na4 fxe5 10.
Nxb6 cxb6 11. dxe5 Qc7 12. Bb2 Bd7 13. Nf4 O-O-O 14. Be2 Nh6 $132 {Podesta,
D-Giaccio,A/Buenos Aires op 1995}) (8. exf6 Qxf6 9. Be3 Nge7 10. b5 Na5 11. Ng3
O-O 12. Qd2 c6 13. Be2 Bd7 14. O-O cxb5 $13 {Moreda,L-Tisera,N/ARG-chJ2 U18
1994}) 8... fxe5 9. Nxb6 axb6 10. dxe5 Nxb4 11. Bb2 Nc6 12. Nf4 Nh6 13. Qh5+
Nf7 14. h4 Ra4 15. g3 $44 {Hoiberg,N-Antonsen,M/Aarhus op 1997}) 7... Nf6 $6 (
7... Nh6 8. Qd3 O-O 9. g3 a5 10. b5 Ne7 11. Bg2 c6 12. O-O a4 13. Bc1 Ng4 14.
h3 Nf6 15. e5 $14 {Franzoni,G-McCambridge,V/WchT-U26 1985}) 8. e5 Ng4 9. Na4 $5
(9. g3 $2 Ncxe5 $1 {[%csl Rf2]} 10. Ng1 $1 (10. Nf4 $2 Bxd4 $1 $19) 10... Qf6
11. f4 $8 Ne3 12. dxe5 Nxd1 13. exf6 Nxb2 14. fxg7 Rg8 $17) 9... O-O 10. Ng3 (
10. Nxb6 axb6 11. Nf4 $5 {[%csl Rg4]} Nh6 (11... Qg5 $2 12. Qf3 f6 13. h4 $1
Qf5 14. Bd3 Nxd4 15. Bxf5 Nxf3+ 16. gxf3 exf5 17. fxg4 fxe5 18. Nxd5 $18) 12.
Bd3 f6 13. g3 $14) 10... Qh4 11. Nxb6 axb6 12. Be2 f5 13. exf6 Nxf6 14. O-O Bd7
15. Qd2 (15. Re1 $5 Ne7 16. Bf3 Nf5 17. Qd2 Rfe8 18. Nf1 $14) 15... Ne7 16. Qc3
Rac8 17. a4 $5 {[%cal Ga4a5]} Ng6 (17... Nf5 $5 18. a5 Ng4 19. Bxg4 Qxg4 20. h3
Nxg3 21. fxg3 $14) 18. Bc1 Nf4 (18... c5 $5 19. dxc5 bxc5 20. bxc5 e5 $44) 19.
Bxf4 Qxf4 20. a5 Qd6 {[%cal Gc7c5]} 21. a6 (21. axb6 $5 Qxb6 22. Rfe1 $5 (22.
Qd2 $14) 22... e5 $5 23. dxe5 Qxf2+ 24. Kxf2 Ne4+ 25. Ke3 Nxc3 26. Bf3 $14)
21... bxa6 22. Bxa6 Ra8 23. Be2 Rfc8 24. b5 $14 c5 25. bxc6 Qxc6 26. Qxc6 Bxc6
27. Bd3 Kf7 28. Rfe1 (28. Rxa8 Rxa8 29. Rb1 Nd7) 28... Rxa1 29. Rxa1 Ra8 30.
Rb1 Nd7 31. h4 {[%csl Rh7]} h6 32. Ne2 Ra4 33. h5 Ke7 34. f3 (34. f4 Ra3 35.
Kf2 Kd6 36. Ke3 Bb7 $11) 34... Kd6 35. Kf2 Ra3 (35... Bb7) 36. g4 Bb7 37. Nf4
Ba6 (37... e5 $6 38. dxe5+ Kxe5 39. Ng6+ Kd6 40. Bf5 d4 41. Nh4 $16 {[%csl Rf3]
}) 38. Bg6 Ra4 39. Be8 (39. c3 $5 e5 40. dxe5+ Kxe5 41. Ng2 Ra3 42. Bf5 Bc8 43.
Rc1 Kd6 $14) 39... Rxd4 40. Bxd7 Rxf4 $6 $11 (40... Kxd7 $5 41. Nxe6 (41. Rxb6
Rxf4 42. Rxa6 Ke7 $11) 41... Rd2+ 42. Kg3 Kxe6 43. Rxb6+ Kf7 44. Rxa6 Rxc2 $11)
41. Bxe6 Kxe6 42. Rxb6+ Kf7 43. Rxa6 Rc4 44. Ra2 d4 45. f4 Rc3 46. g5 hxg5 47.
fxg5 d3 48. Ra7+ Kg8 49. cxd3 Rxd3 1/2-1/2

[Event "Mitropa Cup 19th"]
[Site "Baden"]
[Date "1999.04.08"]
[Round "7"]
[White "Boyd, Stephen"]
[Black "Acs, Peter"]
[Result "1/2-1/2"]
[WhiteElo "2370"]
[BlackElo "2521"]
[PlyCount "40"]
[EventDate "1999.04.??"]
[EventType "team-tourn"]
[EventRounds "9"]
[EventCountry "SUI"]
[Source "ChessBase"]
[SourceDate "1999.08.01"]

1. e4 c5 2. Nc3 Nc6 3. g3 g6 4. Bg2 Bg7 5. d3 d6 6. Be3 Nf6 7. h3 O-O 8. Nge2
Rb8 9. O-O b5 10. Qd2 b4 11. Nd1 e5 12. f4 Nd4 13. g4 exf4 14. Bxf4 Ne6 15. Bg3
Ne8 16. a3 b3 17. c3 N8c7 18. Ne3 Ba6 19. Rf2 Rc8 20. Raf1 Bh6 1/2-1/2

[Event "Mitropa Cup 19th"]
[Site "Baden"]
[Date "1999.04.08"]
[Round "7"]
[White "Cvek, Robert"]
[Black "Naumann, Alexander"]
[Result "1/2-1/2"]
[WhiteElo "2442"]
[BlackElo "2480"]
[PlyCount "54"]
[EventDate "1999.04.??"]
[EventType "team-tourn"]
[EventRounds "9"]
[EventCountry "SUI"]
[Source "ChessBase"]
[SourceDate "1999.08.01"]

1. Nf3 Nf6 2. c4 g6 3. Nc3 d5 4. cxd5 Nxd5 5. Qa4+ Bd7 6. Qh4 Bc6 7. Qd4 f6 8.
e4 Nxc3 9. dxc3 e5 10. Qe3 a5 11. a4 Nd7 12. Bc4 Nb6 13. Bb3 Qd7 14. O-O Nxa4
15. Rd1 Bd6 16. Nd2 Nb6 17. Nc4 Nxc4 18. Bxc4 b5 19. Ba2 Qe7 20. Qe2 h5 21. Be3
Kf8 22. c4 bxc4 23. Qxc4 Bd7 24. Bh6+ Ke8 25. Bd2 Kf8 26. Bh6+ Ke8 27. Bd2 Kf8
1/2-1/2

[Event "Mitropa Cup 19th"]
[Site "Baden"]
[Date "1999.04.08"]
[Round "7"]
[White "Cvitan, Ognjen"]
[Black "Jelen, Igor"]
[Result "1/2-1/2"]
[WhiteElo "2521"]
[BlackElo "2389"]
[PlyCount "65"]
[EventDate "1999.04.??"]
[EventType "team-tourn"]
[EventRounds "9"]
[EventCountry "SUI"]
[Source "ChessBase"]
[SourceDate "1999.08.01"]

1. d4 Nf6 2. Nf3 g6 3. c4 Bg7 4. g3 O-O 5. Bg2 d5 6. cxd5 Nxd5 7. O-O Nb6 8.
Nc3 Nc6 9. e3 Re8 10. Qe2 e5 11. Nxe5 Nxe5 12. dxe5 Bxe5 13. Rd1 Qe7 14. e4 h5
15. Be3 Bxc3 16. bxc3 Bg4 17. f3 Be6 18. h3 Rad8 19. f4 Rxd1+ 20. Rxd1 Rd8 21.
Rd4 Rxd4 22. cxd4 c6 23. f5 gxf5 24. Qxh5 Qf6 25. Kh2 Bxa2 26. exf5 Bd5 27.
Qg4+ Qg7 28. Qh4 f6 29. Bh6 Qf7 30. Bf1 Bc4 31. Bg2 Bd5 32. Bf1 Bc4 33. Bg2
1/2-1/2

[Event "Mitropa Cup 19th"]
[Site "Baden"]
[Date "1999.04.08"]
[Round "7"]
[White "Huebner, Robert"]
[Black "Oral, Tomas"]
[Result "1/2-1/2"]
[WhiteElo "2585"]
[BlackElo "2521"]
[Annotator "Ribli"]
[PlyCount "102"]
[EventDate "1999.04.??"]
[EventType "team-tourn"]
[EventRounds "9"]
[EventCountry "SUI"]
[Source "ChessBase"]
[SourceDate "1999.08.01"]

1. c4 c5 2. Nf3 Nc6 3. d4 cxd4 4. Nxd4 Nf6 (4... e6 $5 {Nach diesem Zug wäre
das System mit 5.g3 weniger effektiv. Ribli.}) 5. g3 e6 (5... Qb6 6. Nc2 $14)
6. Bg2 Bb4+ (6... Qb6 7. Nc2 d5 8. O-O (8. cxd5 exd5 $11) 8... dxc4 9. Nba3 Qa6
10. b3 $1 $14) 7. Bd2 Be7 {Das ist kein Tempoverlust für Schwarz, denn der
weiße Läufer steht auf d2 schlechter als auf c1. Dort wäre noch die
Entwicklung mit b2-b3 möglich.} 8. Bc3 (8. Nb3 $5) (8. Bf4 $5) (8. Nxc6 bxc6 9.
b4 d5 10. b5 $13) 8... O-O 9. O-O d5 {Mit einfachen Zügen bekommt Schwarz eine
gut spielbare Stellung. Der weiße Läufer steht etwas unnatürlich auf c3.} (9...
Qc7 10. Nd2 d6 11. Rc1 Bd7 12. Nb5 Qb8 13. Bxf6 $1 Bxf6 14. Ne4 $16) (9... a6
10. e4 $14) 10. Nd2 (10. cxd5 Nxd5 (10... exd5 $11) 11. Nxc6 bxc6 12. Bd4 (12.
Qa4 Qb6 13. Bd4 c5 14. Be5 f6 15. Bc3 Qa6 16. Qc2 Rb8 17. Rd1 Bb7 $11) 12...
Ba6 13. Re1 Qa5 14. Nd2 c5 15. e4 Nb4 16. Bc3 Qb6 {0-1 Sakhatova,G-Suba,M/
London 1990/EXT 97 (38)}) 10... Bd7 (10... Qb6 $5 11. cxd5 $5 (11. e3 Rd8 12.
a3 Bd7 13. Rc1 dxc4 14. Nxc4 Qa6 15. Qb3 Rac8 16. Rfe1 Nd5 17. Nxc6 Bxc6 18.
Bd4 Ba4 19. Qa2 Bb5 {0-1 Bischoff,D-Romanishin,O/Bad Woerishofen 1997/CBM 57
ext (79)}) 11... Nxd5 12. Nf5 $6 (12. Bxd5 exd5 13. N2f3 $13) (12. Nc4 Qa6 13.
Nxc6 bxc6 14. Qd3 $13) 12... Nxc3 13. Nxe7+ Nxe7 14. bxc3 Rd8 {1/2-1/2
Beliavsky,A-Gelfand,B/Beograd 1997/Inf 71/[Beliavsky,A] (32)} (14... Qc7 $5 {
/\ Bd7-c6})) 11. N4b3 $146 {Weiß vermeidet mögliche Vereinfachungen mit ...
Nxd4 und ...Bc6. Er besitzt den guten katalanischen Läufer auf g2, hat aber am
Damenflügel Probleme mit der Figurenkoordination.} (11. cxd5 $5 Nxd5 12. Bxd5
exd5 13. Qb3 $5 (13. N2f3 Re8 14. Qb3 Bh3 15. Rfd1 Qd7 16. Rd3 Rad8 17. Rad1
Qc8 18. R1d2 {Seirawan,Y-Benjamin,J/Philadelphia 1986/Inf 42 (18)}) 13... Bf6
14. N2f3 Bh3 15. Rfd1 Qd7 16. Nxc6 Bxc3 17. Nce5 Bxe5 18. Nxe5 Qe6 19. Rxd5 $16
{Morovic Fernandez,I-Suba,M/New York (open) 1988/Inf 45 (19)}) 11... a5 $5 {
[%cal Ga5a4] Schwarz nutzt seine Chancen. Jetzt wäre 12.a4 wegen der
Schwächung des Feldes b4 schlecht.} (11... Rc8 12. e4 $14) (11... Qc7 12. Rc1
$14 {[%cal Gc1c7]}) 12. e3 a4 13. Nd4 Na5 (13... Nxd4 14. Bxd4 Bc6 $11) 14. b3
(14. cxd5 Nxd5 15. Bxd5 exd5 $11 {Schwarz hat einen isolierten Damenbauern auf
d5, besitzt aber das Läuferpaar.}) 14... dxc4 15. bxc4 (15. Nxc4 Nxc4 16. bxc4
Rc8 $15) 15... Rc8 16. Qe2 (16. Bxa5 Qxa5 17. Bxb7 Rc7 18. Bg2 e5 $44 {Das
Läuferpaar und lebendiges Spiel kompensieren den Minusbauern.}) {[#]} 16...
Nxc4 $5 {Ein zeitweiliges Opfer, das dem Schwarzen mindestens gleiche Chancen
bietet.} (16... Nc6 17. Rab1 $14) 17. Nxc4 Qc7 {[%cal Rc8c3] Weiß kann den
Materialvorteil nicht behaupten und muß die Figur zurückgeben.} 18. Ne5 $5 (18.
Rfc1 Qxc4 19. Bxb7 Qxe2 20. Nxe2 Rc7 $11) 18... Qxc3 (18... Qxe5 $2 19. Nc6 $16
{[%csl Re5][%cal Rc6e7,Re7g8,Re7c8,Rc3e5]}) 19. Nxd7 (19. Bxb7 Rc7 $11) 19...
Nxd7 20. Bxb7 Rc7 $11 {Nach Komplikationen ist eine ausgeglichene Stellung
entstanden.} 21. Rab1 (21. Nb5 {[%cal Rb5c3,Rb5c7]} Qc4 (21... Qc2 22. Qxc2
Rxc2 $11) 22. Qxc4 Rxc4 $11) 21... Bf6 22. Rfd1 (22. Nb5 Qc2 23. Qxc2 Rxc2 24.
a3 Nc5 $15) 22... Bxd4 23. Rxd4 Rb8 $6 (23... Nc5 $11) 24. Be4 $6 (24. Qd1 $1
Nf8 (24... Rbxb7 $2 25. Rxb7 Rxb7 26. Rxd7 Rxd7 27. Qxd7 g6 28. Qxa4 $16) 25.
Rdb4 a3 26. Qd6 $14 {[%csl Gd6]}) 24... Rxb1+ 25. Bxb1 g6 {Jetzt oder später
muß Schwarz so spielen, sonst bekommt er Schwierigkeiten mit der Grundreihe.}
26. Be4 (26. Qd1 $11) (26. Rxa4 $2 Qc1+ {[%cal Rc1b1,Rc1g1]}) 26... a3 {Der
schwarze Bauer a3 scheint gefährlich, kann aber auch zur Schwäche neigen.} 27.
Kg2 Kg7 28. Qb5 Nf6 29. Bf3 (29. Rd3 $2 Qb2 $17 {[%csl Gb2,Re4]}) 29... Qa1 30.
Qb3 (30. Qa5 {[%cal Ra5a3,Ra5c7]} Rc1 $17 {[%csl Ra2,Rg2][%cal Rc1g1,Rg1g2]})
30... Rc3 31. Rd1 (31. Qb4 Rc1 32. Rd8 Rg1+ 33. Kh3 Qf1+ 34. Kh4 g5+ 35. Kxg5
h6+ 36. Kh4 Qxf2 37. Qf8+ Kg6 $19) 31... Rxb3 32. Rxa1 Rb2 $15 {[%csl Ra1,Gb2]
Schwarz hat einen viel aktiveren Turm und der Springer sollte in diesem
Endspiel besser als der Läufer sein.} 33. h3 Nd7 {[%cal Gd7b6,Gb6c4,Gd7c5,
Gc5d3,Gd7e5]} 34. g4 Nc5 {[%cal Rc5d3,Rb2f2]} 35. Kf1 $8 e5 (35... g5 $5) (
35... Nd3 36. Be2 $15) 36. g5 $1 e4 37. Be2 h6 (37... Ne6 38. h4) 38. gxh6+ (
38. h4 hxg5 39. hxg5 Ne6 $17 {[%csl Rg5][%cal Re6g5]}) 38... Kxh6 39. Rc1 $1 {
Hübner spielt das Endspiel sehr präzise.} Nd3 40. Rd1 Nb4 (40... Rxa2 41. Bxd3
exd3 42. Rxd3 $11 {In Turmendspiel ist der schwarze a-Bauer ungefährlich.}) 41.
Bc4 {[%csl Rf7][%cal Gc4a2,Rc4f7]} f5 42. Rd6 {[%csl Rg6][%cal Gd6h6,Gc4f7]}
Nxa2 43. Ra6 (43. Bf7 $2 Nb4 {[%cal Ra3a2,Ra2a1]}) 43... Rb1+ (43... Nc3 44.
Rxa3 Nb1 45. Ra4 $8 $11 (45. Ra2 $2 Nd2+ {[%cal Rd2f1,Rd2c4]} 46. Kg2 Nxc4 $19)
) 44. Kg2 Nb4 {Schwarz kann seinen a-Bauern nicht halten.} 45. Rxa3 $11 Nc2 {
Schwarz steht theoretisch wegen des Springers noch etwas besser, aber Weiß
kann seine Stellung leicht halten.} 46. Rb3 $1 (46. Rc3 Ne1+ 47. Kg3 Nf3 48.
Be2 Rg1+ 49. Kf4 Rg2 $17) 46... Ne1+ 47. Kg3 Rc1 48. Be2 {...Nf3 wird nicht
zugelassen, ohne daß Schwarz vorher die Grundreihe verläßt.} Rc2 49. Bf1 Nf3
50. Bg2 Ne5 51. f3 exf3 {Und in gleicher Stellung wurde Remis gegeben.} 1/2-1/2

[Event "Mitropa Cup 19th"]
[Site "Baden"]
[Date "1999.04.08"]
[Round "7"]
[White "Jenni, Florian"]
[Black "Vavrak, Peter"]
[Result "1-0"]
[WhiteElo "2394"]
[BlackElo "2233"]
[PlyCount "71"]
[EventDate "1999.04.??"]
[EventType "team-tourn"]
[EventRounds "9"]
[EventCountry "SUI"]
[Source "ChessBase"]
[SourceDate "1999.08.01"]

1. e4 e6 2. d4 d5 3. Nd2 c5 4. exd5 Qxd5 5. Ngf3 cxd4 6. Bc4 Qd6 7. O-O Nf6 8.
Nb3 Nc6 9. Nbxd4 Nxd4 10. Qxd4 Bd7 11. Be2 Qxd4 12. Nxd4 Bc5 13. Nf3 Bd6 14.
Be3 Nd5 15. Bd4 f6 16. Bc4 Nb4 17. Rad1 Ke7 18. Bc3 Nc6 19. Rfe1 a6 20. Rd2
Rhd8 21. Bd5 Rac8 22. Be4 Bf4 23. Rde2 Kf7 24. g3 Bb8 25. Nd2 b5 26. a3 Ne7 27.
Nb3 e5 28. Bb7 Rc4 29. Rd2 Ke8 30. Na5 Rxc3 31. bxc3 Bc7 32. Nb3 Rb8 33. Bxa6
Ra8 34. c4 Rxa6 35. Rxd7 Ba5 36. cxb5 1-0

[Event "Mitropa Cup 19th"]
[Site "Baden"]
[Date "1999.04.08"]
[Round "7"]
[White "Kindermann, Stefan"]
[Black "Jirovsky, Milos"]
[Result "0-1"]
[WhiteElo "2541"]
[BlackElo "2459"]
[Annotator "Schulz,A"]
[PlyCount "80"]
[EventDate "1999.04.??"]
[EventType "team-tourn"]
[EventRounds "9"]
[EventCountry "SUI"]
[Source "ChessBase"]
[SourceDate "1999.08.01"]

1. e4 c5 2. Nf3 d6 3. d4 Nf6 4. Nc3 cxd4 5. Nxd4 g6 6. Be3 Nc6 7. f3 Bg7 8. Qd2
O-O 9. O-O-O Nxd4 10. Bxd4 Be6 11. Kb1 Qc7 12. Nd5 {Dieser Springerausfall
wird meist erst gespielt, wenn die schwarze Dame auf a5 steht, um so ins
Endspiel überzuleiten, ist aber auch an dieser Stelle nicht ohne Gift.} Bxd5
13. exd5 {[%csl Re7][%cal Ye2e7,Yd4g7]} Rac8 (13... Rfe8 $5 14. -- e5 $140 15.
dxe6 fxe6) 14. Rc1 a6 15. g4 e6 16. dxe6 fxe6 17. g5 $6 $146 (17. h4 {sieht
direkter aus, z.B.:} e5 18. Be3 Qc6 $6 19. h5 Qd5 $2 (19... gxh5 $142) 20. hxg6
hxg6 21. Bd3 e4 22. fxe4 Nxe4 23. Qh2 Rf3 24. Qh7+ Kf7 25. Rcf1 {1-0 Chapman,
A-Amaral,N/Bad Wiessee 1997/CBM 61 ext (25)}) 17... Nh5 18. Bh3 {[%csl Rc8,Re6]
[%cal Yh3c8]} Nf4 {Ein sehr starker Springer, der viele Verteidigungsaufgaben
erfüllt und vor allem die möglichen Einsatzorte des weißfeldrigen weißen
Läufers beherrscht.} 19. Bxg7 Kxg7 20. Bg4 d5 21. h4 $6 {In Kenntnis der
Partiefolge läßt sich sagen, daß der weiße Angriff am Königsflügel nicht
durchdringt. Wenn Weiß etwas erreichen möchte, dann besser erstmal im Zentrum.}
(21. Rhe1 $142 Rce8 22. c4 $5 (22. Re3 $5)) 21... Rcd8 22. Rce1 e5 23. h5 gxh5
(23... Nxh5 $2 {hieße, das beste Pferd im Stall abgeben und wäre natürlich
Unsinn.}) 24. Bxh5 (24. Qh2 Kh8 25. Bxh5 Rf5 $17) 24... Rf5 $1 {Nun ist nach
Lg4 immer der Bauer g5 weg.} 25. Reg1 Rg8 (25... Kh8 $5) 26. g6 ({Mit} 26. Bg4
Rxg5 27. Be6 Nxe6 28. Rxg5+ Nxg5 29. Qxg5+ {konnte Weiß versuchen auf
Ausgleich zu spielen.} Kh8 30. Qf5 Re8 $15 (30... d4 31. Rxh7+ Qxh7 32. Qxe5+
Rg7 33. Qe8+ Qg8 34. Qh5+ $11)) 26... h6 27. Bg4 Rg5 28. Qh2 Rh8 29. Bh3 Rh5
30. Rg3 Qe7 31. Qd2 Rf8 32. a3 Rf6 33. Rh2 Rb6 {[%cal Re7a3]} 34. Ka1 Qc5 35.
Bf5 $6 Rxf5 36. Rxh6 {Geistreich gespielt, aber Schwarz muß nicht annehmen.}
Qd4 $1 $19 ({Nach} 36... Kxh6 {wird der g-Bauer gefährlich und es ergeben sich
einige witzige Ablenkungsvarianten:} 37. g7 Rf8 38. Qe3 (38. gxf8=Q+ Qxf8 39.
Qh2+ Nh5 $19) 38... d4 (38... Qd6 $4 39. Qxb6 $18) 39. Qxe5 Qxe5 40. gxf8=Q+
Kh5 41. Qf7+ Rg6 (41... Kh4 $2 42. Rg4+ Kh3 43. Rxf4 $18) (41... Kh6 42. Qf8+
Kh5 $11) 42. Rg1 Qf6 $11) 37. Rh7+ Kg8 38. Qc1 Rff6 39. g7 Rg6 ({Auf} 39...
Kxh7 40. g8=Q+ Kh6 41. Qh8# {konnte man kaum hoffen.}) 40. Rxg6 Rxg6 0-1

[Event "Mitropa Cup 19th"]
[Site "Baden"]
[Date "1999.04.08"]
[Round "7"]
[White "Palac, Mladen"]
[Black "Soln, Primoz"]
[Result "1-0"]
[WhiteElo "2589"]
[BlackElo "2425"]
[PlyCount "141"]
[EventDate "1999.04.??"]
[EventType "team-tourn"]
[EventRounds "9"]
[EventCountry "SUI"]
[Source "ChessBase"]
[SourceDate "1999.08.01"]

1. e4 e6 2. d4 d5 3. Nd2 Nf6 4. e5 Nfd7 5. c3 c5 6. Bd3 Nc6 7. Ne2 cxd4 8. cxd4
f6 9. exf6 Qxf6 10. Nf3 h6 11. O-O Bd6 12. Be3 O-O 13. Bb5 a6 14. Bxc6 bxc6 15.
Rc1 Bb7 16. Nd2 Rfc8 17. Nb3 a5 18. f4 Ba6 19. Rf2 Nb6 20. Nd2 a4 21. Ng3 a3
22. b3 Bd3 23. Nf3 Bh7 24. Ne5 Qe7 25. Ne2 Bxe5 26. fxe5 c5 27. dxc5 Nd7 28.
Qd4 Nb8 29. Qf4 Na6 30. c6 Rf8 31. Qg3 Rxf2 32. Bxf2 Qe8 33. Qc3 Be4 34. Ng3 d4
35. Bxd4 Bd5 36. c7 Rc8 37. Qa5 Nb8 38. Bb6 Nd7 39. Qb5 Qe7 40. Bd4 Qg5 41. Rc2
Qf4 42. Qd3 Nxe5 43. Qe3 Qxe3+ 44. Bxe3 Nc6 45. Bc5 Rxc7 46. Bxa3 Ra7 47. Bd6
Rd7 48. Bc5 Rc7 49. Be3 Rb7 50. Ne2 Nb4 51. Rc8+ Kf7 52. Nc3 Bc6 53. Bc5 Nd5
54. Ne4 Rc7 55. Rf8+ Kg6 56. Nd2 Nf6 57. Bd6 Rd7 58. Nc4 Kh7 59. h3 Ne4 60. Be5
Bd5 61. Nb6 Ra7 62. Nxd5 exd5 63. a4 Kg6 64. Bd4 Ra6 65. Rb8 Kf5 66. Rb5 Nd6
67. Rb6 Rxb6 68. Bxb6 Ke4 69. a5 Nb5 70. a6 d4 71. a7 1-0

[Event "Mitropa Cup 19th"]
[Site "Baden"]
[Date "1999.04.08"]
[Round "7"]
[White "Pavasovic, Dusko"]
[Black "Kozul, Zdenko"]
[Result "1/2-1/2"]
[WhiteElo "2502"]
[BlackElo "2585"]
[PlyCount "102"]
[EventDate "1999.04.??"]
[EventType "team-tourn"]
[EventRounds "9"]
[EventCountry "SUI"]
[Source "ChessBase"]
[SourceDate "1999.08.01"]

1. e4 c5 2. Nf3 d6 3. Bb5+ Nd7 4. d4 Ngf6 5. Nc3 cxd4 6. Qxd4 a6 7. Bxd7+ Nxd7
8. O-O e5 9. Qc4 Nb6 10. Qb4 a5 11. Qb5+ Bd7 12. Qd3 Na4 13. Nxa4 Bxa4 14. Rd1
Qc7 15. b3 Bc6 16. a4 O-O-O 17. Be3 Be7 18. Qc4 Rd7 19. Ng5 h6 20. Nxf7 Rf8 21.
b4 axb4 22. a5 Kb8 23. Bb6 Qc8 24. Qe6 Ka8 25. f3 Bb5 26. Rd5 Qc6 27. Rad1 Bc4
28. Nxe5 Bxd5 29. Qxd5 dxe5 30. Qxd7 Qxc2 31. a6 Bc5+ 32. Kh1 Qxd1+ 33. Qxd1
Bxb6 34. axb7+ Kxb7 35. Qd7+ Ka6 36. Qa4+ Ba5 37. Qc6+ Bb6 38. Qc4+ Kb7 39.
Qd5+ Ka6 40. Qxe5 Rd8 41. h4 Rd3 42. Qxg7 b3 43. Qb2 Kb5 44. Qe2 Kc4 45. e5 Bd4
46. e6 b2 47. Qc2+ Bc3 48. e7 Re3 49. Qa4+ Kd3 50. Qd1+ Kc4 51. Qa4+ Kd3
1/2-1/2

[Event "Mitropa Cup 19th"]
[Site "Baden"]
[Date "1999.04.08"]
[Round "7"]
[White "Pelletier, Yannick"]
[Black "Manik, Mikulas"]
[Result "1/2-1/2"]
[WhiteElo "2483"]
[BlackElo "2478"]
[PlyCount "53"]
[EventDate "1999.04.??"]
[EventType "team-tourn"]
[EventRounds "9"]
[EventCountry "SUI"]
[Source "ChessBase"]
[SourceDate "1999.08.01"]

1. d4 Nf6 2. c4 c5 3. d5 b5 4. cxb5 a6 5. bxa6 Bxa6 6. Nc3 d6 7. Nf3 g6 8. e4
Bxf1 9. Kxf1 Bg7 10. g3 O-O 11. Kg2 Nbd7 12. Re1 Qa5 13. h3 Rfb8 14. Re2 Rb7
15. Rc2 Ne8 16. Qe2 Qa6 17. Qxa6 Rxa6 18. Bd2 Nc7 19. Re1 Bxc3 20. bxc3 Rba7
21. Rb1 Nf6 22. Bh6 Rxa2 23. Rb8+ Nfe8 24. Rxa2 Rxa2 25. e5 Ra8 26. Rxa8 Nxa8
27. exd6 1/2-1/2

[Event "Mitropa Cup 19th"]
[Site "Baden"]
[Date "1999.04.08"]
[Round "7"]
[White "Plachetka, Jan"]
[Black "Brunner, Lucas"]
[Result "1-0"]
[WhiteElo "2395"]
[BlackElo "2492"]
[PlyCount "80"]
[EventDate "1999.04.??"]
[EventType "team-tourn"]
[EventRounds "9"]
[EventCountry "SUI"]
[Source "ChessBase"]
[SourceDate "1999.08.01"]

1. Nf3 Nf6 2. c4 g6 3. g3 Bg7 4. Bg2 O-O 5. O-O d6 6. Nc3 Nc6 7. Rb1 Bf5 8. d3
Qd7 9. b4 Bh3 10. b5 Nd8 11. e4 Bxg2 12. Kxg2 Nh5 13. d4 a6 14. a4 axb5 15.
cxb5 Kh8 16. h3 f5 17. e5 Nf7 18. Qe2 Qe6 19. Re1 dxe5 20. dxe5 Rfd8 21. Rb4
Bf8 22. Bb2 Ng7 23. Nd4 Qb6 24. Nb3 c5 25. Rc4 Ne6 26. a5 Qc7 27. Na4 Nfg5 28.
Naxc5 Qb8 29. h4 Nxc5 30. Nxc5 Ne4 31. Nxe4 fxe4 32. Bc3 Rd5 33. Qxe4 Rxb5 34.
h5 Qe8 35. Rh1 gxh5 36. Rc7 Ra6 37. Qc4 Ra8 38. Rxh5 Bg7 39. Rh4 b6 40. Qe4 h6
1-0

[Event "Mitropa Cup 19th"]
[Site "Baden"]
[Date "1999.04.08"]
[Round "7"]
[White "Polak, Tomas"]
[Black "Stangl, Markus"]
[Result "1-0"]
[WhiteElo "2488"]
[BlackElo "2545"]
[PlyCount "89"]
[EventDate "1999.04.??"]
[EventType "team-tourn"]
[EventRounds "9"]
[EventCountry "SUI"]
[Source "ChessBase"]
[SourceDate "1999.08.01"]

1. d4 d5 2. c4 e6 3. Nf3 c6 4. Nc3 dxc4 5. a4 Bb4 6. e3 b5 7. Bd2 a5 8. axb5
Bxc3 9. Bxc3 cxb5 10. b3 Bb7 11. d5 Nf6 12. bxc4 b4 13. Bxf6 Qxf6 14. Qa4+ Nd7
15. Nd4 e5 16. Nb3 e4 17. Nd4 Qd6 18. c5 Qxc5 19. Bb5 Qc3+ 20. Kd1 Qc7 21. Rc1
Qd6 22. Ke2 Qxd5 23. Rc7 Rd8 24. Rd1 O-O 25. Rxd7 Rxd7 26. Bxd7 Qh5+ 27. Ke1
Qxh2 28. Qb5 Qc7 29. Bc6 Bxc6 30. Qxc6 Qe5 31. Rc1 Qh2 32. g3 Qh1+ 33. Ke2 Qh5+
34. Kd2 Qh2 35. Ke2 Qh5+ 36. Kd2 Qh2 37. Rf1 Qh3 38. Ra1 Qg2 39. Ke2 h5 40.
Rxa5 h4 41. Rg5 h3 42. Qf6 g6 43. Nf5 Qf3+ 44. Ke1 Qh1+ 45. Kd2 1-0

[Event "Mitropa Cup 19th"]
[Site "Baden"]
[Date "1999.04.08"]
[Round "7"]
[White "Prie, Eric"]
[Black "Almasi, Zoltan"]
[Result "0-1"]
[WhiteElo "2467"]
[BlackElo "2665"]
[PlyCount "162"]
[EventDate "1999.04.??"]
[EventType "team-tourn"]
[EventRounds "9"]
[EventCountry "SUI"]
[Source "ChessBase"]
[SourceDate "1999.08.01"]

1. e4 c5 2. Nf3 d6 3. Bb5+ Nd7 4. d4 Ngf6 5. Nc3 cxd4 6. Qxd4 e5 7. Qd3 h6 8.
a4 Be7 9. b3 a6 10. Bxd7+ Bxd7 11. O-O Qc7 12. Nd2 Rc8 13. Bb2 Be6 14. Rfd1 Nh5
15. g3 Nf6 16. Nf1 h5 17. Ne3 h4 18. Rd2 hxg3 19. hxg3 Rh6 20. Kg2 Bh3+ 21. Kg1
Qd7 22. Nc4 Rc6 23. Qf3 Bg4 24. Qg2 Qc8 25. Re1 Bh3 26. Qf3 Nh7 27. Qd3 Qg4 28.
Qe2 Ng5 29. Rd3 Qe6 30. f3 Qg6 31. Bc1 Be6 32. Nd5 Rh3 33. Qg2 Bd8 34. Bxg5
Qxg5 35. f4 Qh5 36. f5 Bxd5 37. Rxd5 Rxc4 38. bxc4 Bb6+ 39. c5 Bxc5+ 40. Rxc5
dxc5 41. Rb1 Qh6 42. Re1 c4 43. a5 c3 44. Re2 Qc1+ 45. Kf2 Rh1 46. Kf3 f6 47.
Kg4 Rf1 48. Re3 Qxe3 49. Qxf1 Qxe4+ 50. Kh3 Qxc2 51. Qf3 Qb1 52. Qd5 Qxf5+ 53.
g4 Qh7+ 54. Kg3 g5 55. Qe6+ Qe7 56. Qc8+ Kf7 57. Qxc3 Kg7 58. Qc8 Qa3+ 59. Kf2
Qb2+ 60. Kf3 Qb3+ 61. Kf2 Qd5 62. Qc7+ Kg6 63. Qc8 Kf7 64. Qc7+ Ke8 65. Qc8+
Ke7 66. Qc7+ Qd7 67. Qc5+ Kf7 68. Qc4+ Kg7 69. Kg3 Qc6 70. Qb4 e4 71. Qe7+ Kg6
72. Kf2 b5 73. Qf8 Qe6 74. Ke3 b4 75. Qxb4 Qxg4 76. Qf8 Qf3+ 77. Kd2 e3+ 78.
Kd3 Kh5 79. Qc8 Kh4 80. Kc3 e2+ 81. Kd2 Qf4+ 0-1